Post Modern Public Administration (Record no. 2929)
[ view plain ]
| 000 -LEADER | |
|---|---|
| fixed length control field | 00345nam a22001337a 4500 |
| 008 - FIXED-LENGTH DATA ELEMENTS--GENERAL INFORMATION | |
| fixed length control field | 250411b |||||||| |||| 00| 0 eng d |
| 020 ## - INTERNATIONAL STANDARD BOOK NUMBER | |
| ISBN | 9788120331686 |
| 100 ## - MAIN ENTRY--AUTHOR | |
| Author | MILLER T. Hugh |
| 245 ## - TITLE STATEMENT | |
| Title | Post Modern Public Administration |
| 260 ## - PUBLICATION, DISTRIBUTION, ETC. (IMPRINT) | |
| Place of publication | India |
| Name of publisher | Prentice-Hall of India |
| Date of publication | 2007 |
| 300 ## - COLLATION | |
| Pagination | xiii, 157p. |
| 942 ## - ADDED ENTRY ELEMENTS (KOHA) | |
| Item type | Books |
| 050 ## - LIBRARY OF CONGRESS CALL NUMBER | |
| Classification number | JF1601 |
| Item number | .M55 |
| Source of classification or shelving scheme | Not for loan | Permanent location | Current location | Date acquired | Accession No. | Full call number | Barcode. | Koha item type |
|---|---|---|---|---|---|---|---|---|
| Library of Congress Classification | Samuel Ogbemudia Main Library, University of Abuja | Samuel Ogbemudia Main Library, University of Abuja | 04/11/2025 | 2014/AC/441035 | JF1601.M55 | 2025-1280 | Books | |
| Library of Congress Classification | Samuel Ogbemudia Main Library, University of Abuja | Samuel Ogbemudia Main Library, University of Abuja | 04/11/2025 | 2014/AC/441035 | JF1601.M55 | 2025-1281 | Books |